Nevyčísliteľné bohatstvo Je našou povinnosťou uchrániť historické knižničné fondy

Bibliographic Details
Main Author: Bajánek, Emil (Author)
Format: Article
Language:Slovak
Subjects:

MARC

LEADER 00000nab a2200000 a 4500
001 vtls000512452
003 SK-MaSNL
005 20260303003759.0
008 120927c xo 0 slo
015 |a SNBRB19rr/mm-uuuuu 
035 |a CL0512590 
040 |a SNKBUCL  |b slo  |c SNKBUCL  |e AACR2 
041 0 |a slo 
044 |a xo  |c SK 
080 |a 025.85  |2 1981 
080 |a 09  |2 1981 
100 1 |a Bajánek, Emil  |4 aut  |9 896123 
245 1 0 |a Nevyčísliteľné bohatstvo  |b Je našou povinnosťou uchrániť historické knižničné fondy  |c Emil Bajánek 
650 0 7 |a historické knižné fondy  |2 snkbucl  |9 71548 
655 7 |a články z novín a časopisov  |2 snkbucl  |9 267496 
655 7 |a články z odboru knihovníctvo  |2 snkbucl  |9 166141 
773 0 |t Pravda  |g Roč. 4 (75), č. 61 (15. 3. 1994), s. 5 
850 |a Slovenská národná knižnica v Martine  |a MTA001 
852 |a SNK  |b KIS3GCP 
958 |a RK 
958 |a KL 
992 |a RBX 
999 |c 1574425  |d 1576355